[Event "AUT_chT"]
[Site "2005/2006"]
[Date "2006.01.13"]
[Round "5"]
[White "Balinov, Ilija"]
[Black "Kreindl, Helmut"]
[Result "1-0"]
[WhiteElo "2455"]
[BlackElo "2229"]
[PlyCount "79"]
[EventDate "2005.10.??"]
[EventType "team"]
[EventRounds "11"]
[EventCountry "AUT"]
[WhiteTeam "Styria Graz - Kl.Zeitung"]
[BlackTeam "Tschaturanga Neubau"]
[WhiteTeamCountry "AUT"]
[BlackTeamCountry "AUT"]

1. e4 d5 2. exd5 Nf6 3. d4 Nxd5 4. c4 Nb6 5. Nf3 Bg4 6. Be2 Nc6 7. O-O e6 8.
Nc3 Bxf3 9. Bxf3 Nxd4 10. Bxb7 Rb8 11. Be4 f5 12. Bf3 Be7 13. Nb5 Nxb5 14. cxb5
Qxd1 15. Rxd1 Bd6 16. a4 Kf7 17. Be3 Kf6 18. b3 f4 19. Bd4+ e5 20. Bb2 Nd7 21.
Rac1 Rhd8 22. h4 Kf5 23. g4+ fxg3 24. fxg3 Nf6 25. Rf1 Ke6 26. Rfe1 Re8 27. Bc6
Re7 28. Bd4 Rd8 29. Bxa7 Bb4 30. Red1 Rxd1+ 31. Rxd1 e4 32. Rd4 Be1 33. Kg2 Kf5
34. Bc5 Re5 35. b4 Bc3 36. Rc4 e3 37. Rxc3 e2 38. Bf2 e1=Q 39. Bxe1 Rxe1 40.
Bf3 1-0

[Event "AUT_chT"]
[Site "2005/2006"]
[Date "2006.01.13"]
[Round "5"]
[White "Pavasovic, Dusko"]
[Black "Gyimesi, Zoltan"]
[Result "1/2-1/2"]
[WhiteElo "2535"]
[BlackElo "2602"]
[PlyCount "51"]
[EventDate "2005.10.??"]
[EventType "team"]
[EventRounds "11"]
[EventCountry "AUT"]
[WhiteTeam "Maria Saal"]
[BlackTeam "Union Ansfelden"]
[WhiteTeamCountry "AUT"]
[BlackTeamCountry "AUT"]

1. e4 e5 2. Nf3 Nc6 3. d4 exd4 4. Nxd4 Bc5 5. Nxc6 Qf6 6. Qd2 dxc6 7. Nc3 Bd4
8. Bd3 Ne7 9. O-O Ng6 10. Ne2 Bb6 11. Nf4 Nxf4 12. Qxf4 Qxf4 13. Bxf4 Be6 14.
Rfd1 O-O-O 15. Be2 f6 16. a3 g5 17. Bg3 Bd4 18. c3 Be5 19. Bxe5 fxe5 20. Rxd8+
Rxd8 21. Rd1 Rd6 22. Kf1 Bb3 23. Bg4+ Kd8 24. Rxd6+ cxd6 25. Ke2 Ke7 26. Ke3
1/2-1/2

[Event "AUT_chT"]
[Site "2005/2006"]
[Date "2006.01.13"]
[Round "5"]
[White "Stanec, Nikolaus"]
[Black "Hoelzl, Franz"]
[Result "1/2-1/2"]
[WhiteElo "2543"]
[BlackElo "2364"]
[PlyCount "97"]
[EventDate "2005.10.??"]
[EventType "team"]
[EventRounds "11"]
[EventCountry "AUT"]
[WhiteTeam "Union Ansfelden"]
[BlackTeam "Maria Saal"]
[WhiteTeamCountry "AUT"]
[BlackTeamCountry "AUT"]

1. d4 Nf6 2. Nf3 d5 3. c4 e6 4. cxd5 exd5 5. Nc3 c6 6. Bg5 h6 7. Bh4 Bf5 8. e3
Nbd7 9. Bd3 Bxd3 10. Qxd3 Be7 11. Bg3 O-O 12. O-O Re8 13. h3 Bf8 14. Nd2 Re6
15. Rad1 Rc8 16. Qf5 Qb6 17. Nb3 Rce8 18. Bh2 Ne4 19. Nxe4 g6 20. Qf4 dxe4 21.
d5 cxd5 22. Rxd5 Nf6 23. Rd2 Qa6 24. a3 Qb6 25. Nd4 Rd6 26. Rc2 Rd7 27. g4 Bg7
28. Qg3 Nh7 29. Rfc1 Bxd4 30. exd4 Qxd4 31. Rc8 Rdd8 32. Rxd8 Qxd8 33. Qd6 Ng5
34. Kg2 e3 35. Qxd8 Rxd8 36. h4 Ne4 37. fxe3 Rd2+ 38. Kg1 f6 39. Rc8+ Kf7 40.
Rc7+ Ke6 41. Rxb7 Nf2 42. Bb8 Nxg4 43. Bxa7 Ne5 44. Bb8 Nc4 45. b3 Nxa3 46.
Rb6+ Kf7 47. Rb7+ Ke6 48. Rb6+ Kf7 49. Rb7+ 1/2-1/2

[Event "AUT_chT"]
[Site "2005/2006"]
[Date "2006.01.13"]
[Round "5"]
[White "Diermair, Andreas"]
[Black "Weiss, Christian"]
[Result "1/2-1/2"]
[WhiteElo "2351"]
[BlackElo "2437"]
[PlyCount "47"]
[EventDate "2005.10.??"]
[EventType "team"]
[EventRounds "11"]
[EventCountry "AUT"]
[WhiteTeam "Maria Saal"]
[BlackTeam "Union Ansfelden"]
[WhiteTeamCountry "AUT"]
[BlackTeamCountry "AUT"]

1. e4 c5 2. Nf3 e6 3. c3 Nf6 4. e5 Nd5 5. d4 cxd4 6. cxd4 d6 7. Bc4 Nc6 8. O-O
Nb6 9. Bd3 dxe5 10. dxe5 Nb4 11. Be4 Qxd1 12. Rxd1 N4d5 13. Nbd2 Bd7 14. Nb3
Ba4 15. Nfd4 Be7 16. Bd2 O-O-O 17. Rdc1+ Kb8 18. Nc5 Nf4 19. Bxf4 Rxd4 20. f3
Nd5 21. Bxd5 exd5 22. Be3 Bxc5 23. Rxc5 Rd3 24. Kf2 1/2-1/2

[Event "AUT_chT"]
[Site "2005/2006"]
[Date "2006.01.13"]
[Round "5"]
[White "Knoll, Hermann"]
[Black "Kaspret, Guido"]
[Result "1/2-1/2"]
[WhiteElo "2361"]
[BlackElo "2295"]
[PlyCount "164"]
[EventDate "2005.10.??"]
[EventType "team"]
[EventRounds "11"]
[EventCountry "AUT"]
[WhiteTeam "Union Ansfelden"]
[BlackTeam "Maria Saal"]
[WhiteTeamCountry "AUT"]
[BlackTeamCountry "AUT"]

1. e4 e5 2. Nf3 Nf6 3. Nxe5 d6 4. Nf3 Nxe4 5. Nc3 Nxc3 6. dxc3 Be7 7. Bf4 O-O
8. Qd2 a5 9. O-O-O a4 10. a3 Nd7 11. Bc4 Nc5 12. Rhe1 Be6 13. Bxe6 Nxe6 14. Bg3
Qd7 15. Qd5 Bf6 16. Re4 b6 17. Qf5 Ra5 18. Qh3 Qc6 19. Rde1 Qd5 20. Bh4 Qh5 21.
Bxf6 Qxh3 22. gxh3 gxf6 23. Nd4 Re5 24. Nxe6 fxe6 25. Rg1+ Rg5 26. Rg3 b5 27.
Rxe6 Kf7 28. Re4 Rf5 29. Reg4 Ke6 30. f4 Kd5 31. Re3 h5 32. Rg7 Rc8 33. Rh7
Rxf4 34. Rxh5+ Kc6 35. Kd2 Rg8 36. Rg3 Re8 37. Rg2 Rf1 38. Rh4 d5 39. Re2 Rxe2+
40. Kxe2 Rh1 41. Rh6 Rxh2+ 42. Kd3 Rf2 43. h4 Kd6 44. Rh8 Rh2 45. h5 Ke5 46. h6
Rh3+ 47. Ke2 Kf5 48. h7 c6 49. Rc8 Rxh7 50. Rxc6 Ke5 51. Rb6 f5 52. Rxb5 Ke4
53. Rb4+ Ke5 54. Rxa4 Rh2+ 55. Kf3 Rxc2 56. Rb4 Rc1 57. Rb8 Rf1+ 58. Ke2 Ra1
59. Rb5 Ke4 60. Rb4+ Ke5 61. Rd4 Rh1 62. Kf3 Rf1+ 63. Ke2 Rh1 64. Rb4 Ra1 65.
Rb7 f4 66. Rb8 Ke4 67. Rb4+ Ke5 68. a4 Rh1 69. Kf2 Kf5 70. Rb8 Ra1 71. Ra8 Ke4
72. b4 Ra2+ 73. Kg1 Ra1+ 74. Kh2 f3 75. Kg3 Rg1+ 76. Kf2 Rg2+ 77. Kf1 Ra2 78.
a5 Ke3 79. Re8+ Kd3 80. Rd8 Ke3 81. Re8+ Kd3 82. Rd8 Ke3 1/2-1/2

[Event "AUT_chT"]
[Site "2005/2006"]
[Date "2006.01.13"]
[Round "5"]
[White "Shchekachev, Andrei"]
[Black "Voloshin, Leonid"]
[Result "1/2-1/2"]
[WhiteElo "2570"]
[BlackElo "2466"]
[PlyCount "34"]
[EventDate "2005.10.??"]
[EventType "team"]
[EventRounds "11"]
[EventCountry "AUT"]
[WhiteTeam "Sparkasse Schwarzach"]
[BlackTeam "Sparkasse Goetzis"]
[WhiteTeamCountry "AUT"]
[BlackTeamCountry "AUT"]

1. e4 e5 2. Nf3 Nc6 3. Bb5 Nf6 4. O-O Nxe4 5. d4 Nd6 6. Bxc6 dxc6 7. dxe5 Nf5
8. Qxd8+ Kxd8 9. Nc3 h6 10. h3 Bd7 11. Bf4 Kc8 12. Rad1 g5 13. Bh2 Be7 14. Ne4
a5 15. a3 c5 16. g4 Ng7 17. Nf6 Bf8 1/2-1/2

[Event "AUT_chT"]
[Site "2005/2006"]
[Date "2006.01.13"]
[Round "5"]
[White "Dobosz, Henryk"]
[Black "Zelcic, Robert"]
[Result "1/2-1/2"]
[WhiteElo "2433"]
[BlackElo "2514"]
[PlyCount "94"]
[EventDate "2005.10.??"]
[EventType "team"]
[EventRounds "11"]
[EventCountry "AUT"]
[WhiteTeam "Sparkasse Goetzis"]
[BlackTeam "Sparkasse Schwarzach"]
[WhiteTeamCountry "AUT"]
[BlackTeamCountry "AUT"]

1. Nf3 Nf6 2. d4 c5 3. e3 d5 4. c4 cxd4 5. exd4 g6 6. Nc3 Bg7 7. Qb3 O-O 8.
cxd5 Nbd7 9. d6 exd6 10. Be2 Nb6 11. O-O Be6 12. Qd1 h6 13. Ne1 Nbd5 14. Nxd5
Nxd5 15. Nc2 Qb6 16. Bf3 Nb4 17. Be3 Nd5 18. Bc1 Rac8 19. Ne3 Nxe3 20. fxe3 Rc7
21. b3 Bf5 22. Bd2 Re8 23. Rc1 Rce7 24. Rc3 h5 25. Bxh5 Bxd4 26. exd4 Qxd4+ 27.
Kh1 gxh5 28. Qxh5 Bg6 29. Rg3 Re6 30. Qg5 Qe5 31. Qh6 Qg7 32. Qf4 Re4 33. Qg5
Qe5 34. Qh6 d5 35. Rgf3 Qg7 36. Qh3 d4 37. Bg5 Re1 38. Qh4 Rxf1+ 39. Rxf1 Re4
40. Qg3 Qe5 41. Bf4 Qd5 42. Re1 Rxe1+ 43. Qxe1 Be4 44. Qg3+ Bg6 45. h3 Qe4 46.
Qg5 Kf8 47. Qe5 Qxe5 1/2-1/2

[Event "AUT_chT"]
[Site "2005/2006"]
[Date "2006.01.13"]
[Round "5"]
[White "Lendwai, Reinhard"]
[Black "Eisenbeiser, Amadeus"]
[Result "1/2-1/2"]
[WhiteElo "2427"]
[BlackElo "2373"]
[PlyCount "40"]
[EventDate "2005.10.??"]
[EventType "team"]
[EventRounds "11"]
[EventCountry "AUT"]
[WhiteTeam "Sparkasse Schwarzach"]
[BlackTeam "Sparkasse Goetzis"]
[WhiteTeamCountry "AUT"]
[BlackTeamCountry "AUT"]

1. e4 c5 2. Ne2 e6 3. Nbc3 a6 4. g3 Nc6 5. Bg2 d6 6. O-O Nf6 7. d4 cxd4 8. Nxd4
Nxd4 9. Qxd4 Be7 10. h3 O-O 11. Be3 Bd7 12. Rfd1 Bc6 13. a4 Qc7 14. a5 Rac8 15.
Qd2 Qb8 16. f4 Rfd8 17. Bb6 Rd7 18. Qe3 Bd8 19. Rd2 Bxb6 20. axb6 Rcd8 1/2-1/2

[Event "AUT_chT"]
[Site "2005/2006"]
[Date "2006.01.13"]
[Round "5"]
[White "Schmidlechner, Alexander"]
[Black "Danner, Georg"]
[Result "0-1"]
[WhiteElo "2245"]
[BlackElo "2402"]
[PlyCount "130"]
[EventDate "2005.10.??"]
[EventType "team"]
[EventRounds "11"]
[EventCountry "AUT"]
[WhiteTeam "Sparkasse Goetzis"]
[BlackTeam "Sparkasse Schwarzach"]
[WhiteTeamCountry "AUT"]
[BlackTeamCountry "AUT"]

1. d4 e6 2. c4 f5 3. Nf3 Nf6 4. g3 b6 5. Bg2 Bb7 6. O-O Be7 7. Nc3 O-O 8. b3
Qe8 9. Bb2 Qh5 10. d5 Na6 11. e3 exd5 12. Nd4 Qxd1 13. Rfxd1 g6 14. Nde2 Nc5
15. Nxd5 Nxd5 16. Bxd5+ Bxd5 17. Rxd5 a5 18. Rdd1 Bf6 19. Bxf6 Rxf6 20. Nf4 d6
21. Nd5 Rf7 22. Rdb1 a4 23. b4 Ne4 24. Rc1 Kg7 25. f3 Nf6 26. Rc3 g5 27. Rd1 g4
28. Nxf6 Rxf6 29. f4 h5 30. Rd5 h4 31. Kg2 c6 32. Rd2 Kf7 33. gxh4 Rh8 34. Rcd3
Ke7 35. Kg3 Re6 36. h3 Rg6 37. hxg4 Rxg4+ 38. Kf3 Rh6 39. Rh2 Rhxh4 40. Rxh4
Rxh4 41. b5 cxb5 42. cxb5 Rh2 43. Ra3 Rb2 44. Rxa4 Rxb5 45. Ke2 Ke6 46. Kd3 Rb1
47. Kc2 Re1 48. Kd2 Ra1 49. Kd3 Kd5 50. Rd4+ Kc5 51. Rc4+ Kb5 52. Rc2 Rd1+ 53.
Ke2 Rd5 54. Rb2+ Kc6 55. a4 Ra5 56. Rb4 Kc5 57. Rd4 d5 58. Kd2 Ra8 59. Kc3 Re8
60. Kd2 Rh8 61. Kc3 Rh3 62. Rd3 Rxe3 63. Rxe3 d4+ 64. Kd3 dxe3 65. Kxe3 Kc4 0-1

[Event "AUT_chT"]
[Site "2005/2006"]
[Date "2006.01.13"]
[Round "5"]
[White "Krstic, Uros"]
[Black "Hengl, Christian"]
[Result "1-0"]
[WhiteElo "2334"]
[BlackElo "2232"]
[PlyCount "71"]
[EventDate "2005.10.??"]
[EventType "team"]
[EventRounds "11"]
[EventCountry "AUT"]
[WhiteTeam "Sparkasse Schwarzach"]
[BlackTeam "Sparkasse Goetzis"]
[WhiteTeamCountry "AUT"]
[BlackTeamCountry "AUT"]

1. e4 e6 2. d4 d5 3. Nd2 Nf6 4. e5 Nfd7 5. Bd3 c5 6. Ngf3 cxd4 7. O-O Nc6 8.
Qe2 Qc7 9. Re1 Nc5 10. Nb3 Nxd3 11. cxd3 Qb6 12. Bd2 Bd7 13. Rac1 Be7 14. Bg5
Bb4 15. Red1 Rc8 16. Rc2 O-O 17. a3 Be7 18. Bxe7 Nxe7 19. Nbxd4 Rxc2 20. Qxc2
Rc8 21. Qd2 Nc6 22. Nxc6 Rxc6 23. Rc1 h6 24. Kf1 d4 25. Rc4 Rxc4 26. dxc4 Qb3
27. Qxd4 Bc6 28. Ne1 b5 29. c5 Bd5 30. f3 Kf8 31. Ke2 Ke8 32. Kd2 Kd7 33. Nc2
Kc7 34. Qc3 Qa4 35. Qb4 Qa6 36. Qf4 1-0

[Event "AUT_chT"]
[Site "2005/2006"]
[Date "2006.01.13"]
[Round "5"]
[White "Wallis, Anton"]
[Black "Ljubic, Juro"]
[Result "1/2-1/2"]
[WhiteElo "2165"]
[BlackElo "2202"]
[PlyCount "181"]
[EventDate "2005.10.??"]
[EventType "team"]
[EventRounds "11"]
[EventCountry "AUT"]
[WhiteTeam "Sparkasse Goetzis"]
[BlackTeam "Sparkasse Schwarzach"]
[WhiteTeamCountry "AUT"]
[BlackTeamCountry "AUT"]

1. e4 c5 2. c3 g6 3. d4 cxd4 4. cxd4 d5 5. e5 Nc6 6. Bb5 a6 7. Bxc6+ bxc6 8. h3
a5 9. Nc3 e6 10. Nf3 Ba6 11. Ne2 Bb4+ 12. Bd2 Qb6 13. O-O Ne7 14. a3 Bxd2 15.
Qxd2 O-O 16. Rfc1 Rfb8 17. Rab1 a4 18. Ng3 Qd8 19. Rc3 Bc4 20. Nh2 Kg7 21. Ng4
Ng8 22. Rf3 Rb3 23. Rxb3 Bxb3 24. Rc1 Bc4 25. Ne3 Bb5 26. Ne2 Ne7 27. Ng4 Ng8
28. Nc3 h5 29. Ne3 Qa5 30. Qc2 Ne7 31. g4 hxg4 32. hxg4 Qa6 33. Nxb5 Qxb5 34.
f4 Rb8 35. Rb1 Qb3 36. Qxb3 Rxb3 37. Kf2 Kf8 38. Ke2 Ke8 39. Nd1 Rg3 40. Ne3 c5
41. dxc5 Nc6 42. Rh1 Nd4+ 43. Kd3 Nb3 44. c6 Kd8 45. Rh8+ Kc7 46. Ke2 d4 47.
Nf1 Rg2+ 48. Kf3 Rxb2 49. Rf8 Rb1 50. Rxf7+ Kxc6 51. Kf2 d3 52. Ne3 d2 53. Rf6
Nd4 54. f5 gxf5 55. gxf5 Nxf5 56. Rxe6+ Kd7 57. Rf6 Nxe3 58. Rd6+ Ke7 59. Rxd2
Ng4+ 60. Ke2 Ke6 61. Rd4 Rb2+ 62. Ke1 Nxe5 63. Rxa4 Kd5 64. Ra8 Ke4 65. a4 Ke3
66. Kd1 Rd2+ 67. Kc1 Nd3+ 68. Kb1 Rb2+ 69. Ka1 Kd2 70. Rd8 Rb4 71. Ka2 Rxa4+
72. Kb3 Rb4+ 73. Ka3 Rb7 74. Rc8 Ne5 75. Rc5 Nf3 76. Ka4 Nd4 77. Rc8 Kd3 78.
Ka5 Ke4 79. Ka4 Kd5 80. Ka3 Ne6 81. Rc1 Nc5 82. Rc2 Nd3 83. Rc8 Nc5 84. Rh8 Kc4
85. Rh4+ Kc3 86. Rh3+ Nd3 87. Ka4 Rb1 88. Ka5 Kd4 89. Rh4+ Kd5 90. Rh5+ Ne5 91.
Ka4 1/2-1/2

[Event "AUT_chT"]
[Site "2005/2006"]
[Date "2006.01.13"]
[Round "5"]
[White "Sprenger, Jan Michael"]
[Black "Kindermann, Stefan"]
[Result "1/2-1/2"]
[WhiteElo "2505"]
[BlackElo "2535"]
[PlyCount "64"]
[EventDate "2005.10.??"]
[EventType "team"]
[EventRounds "11"]
[EventCountry "AUT"]
[WhiteTeam "Wulkaprodersdorf"]
[BlackTeam "Holz Dohr - Semriach"]
[WhiteTeamCountry "AUT"]
[BlackTeamCountry "AUT"]

1. e4 e6 2. d4 d5 3. Nd2 c5 4. exd5 exd5 5. Ngf3 Nf6 6. Bb5+ Bd7 7. Bxd7+ Nbxd7
8. O-O Be7 9. dxc5 Nxc5 10. Nb3 Nce4 11. Nfd4 Qd7 12. f3 Nd6 13. Nc5 Qc8 14.
Nd3 O-O 15. Be3 Re8 16. Bf2 Bd8 17. a4 a6 18. Re1 Bb6 19. Qd2 Qd7 20. b3 h6 21.
Rxe8+ Rxe8 22. Re1 Ba7 23. Rxe8+ Qxe8 24. Kf1 Qd7 25. Nf4 Nde8 26. Nfe2 Bb8 27.
Ng3 Nc7 28. Qf4 Qd8 29. Ngf5 Ne6 30. Qe3 Qd7 31. Bg3 Ba7 32. Qe5 Ne8 1/2-1/2

[Event "AUT_chT"]
[Site "2005/2006"]
[Date "2006.01.13"]
[Round "5"]
[White "Kosten, Anthony C"]
[Black "Likavsky, Tomas"]
[Result "0-1"]
[WhiteElo "2501"]
[BlackElo "2493"]
[PlyCount "80"]
[EventDate "2005.10.??"]
[EventType "team"]
[EventRounds "11"]
[EventCountry "AUT"]
[WhiteTeam "Holz Dohr - Semriach"]
[BlackTeam "Wulkaprodersdorf"]
[WhiteTeamCountry "AUT"]
[BlackTeamCountry "AUT"]

1. c4 e5 2. Nc3 d6 3. g3 Nc6 4. Bg2 g6 5. e4 Bg7 6. Nge2 h5 7. h4 Bg4 8. f3 Be6
9. d3 Qd7 10. Nd5 f5 11. Bg5 Nd8 12. exf5 gxf5 13. f4 c6 14. Ne3 Nf7 15. Qd2
Ngh6 16. d4 Nxg5 17. hxg5 Ng4 18. d5 cxd5 19. cxd5 Bf7 20. fxe5 Bxe5 21. Rf1
O-O 22. Nxf5 Bg6 23. Nh4 Rfe8 24. Nxg6 Bxg3+ 25. Kd1 Ne3+ 26. Kc1 Rac8+ 27. Nc3
Nxf1 28. Bxf1 Re1+ 29. Kc2 Rxa1 30. Bb5 Qg7 31. Qd3 Be1 32. Kb3 Bxc3 33. bxc3
Rxc3+ 34. Qxc3 Rb1+ 35. Kc4 Qxc3+ 36. Kxc3 Rxb5 37. Kc4 Rc5+ 38. Kd4 Kf7 39.
Nh4 Ra5 40. Nf5 Ra6 0-1

[Event "AUT_chT"]
[Site "2005/2006"]
[Date "2006.01.13"]
[Round "5"]
[White "Volkmann, Friedrich Karl"]
[Black "Freitag, Manfred"]
[Result "1/2-1/2"]
[WhiteElo "2421"]
[BlackElo "2419"]
[PlyCount "24"]
[EventDate "2005.10.??"]
[EventType "team"]
[EventRounds "11"]
[EventCountry "AUT"]
[WhiteTeam "Wulkaprodersdorf"]
[BlackTeam "Holz Dohr - Semriach"]
[WhiteTeamCountry "AUT"]
[BlackTeamCountry "AUT"]

1. e4 c5 2. Nf3 d6 3. d4 cxd4 4. Nxd4 Nf6 5. Nc3 a6 6. Be2 e5 7. Nb3 Be7 8. O-O
O-O 9. Kh1 b6 10. f3 Bb7 11. Be3 b5 12. Qd2 Nbd7 1/2-1/2

[Event "AUT_chT"]
[Site "2005/2006"]
[Date "2006.01.13"]
[Round "5"]
[White "Karner, Christoph"]
[Black "Sommerbauer, Norbert"]
[Result "1/2-1/2"]
[WhiteElo "2338"]
[BlackElo "2452"]
[PlyCount "32"]
[EventDate "2005.10.??"]
[EventType "team"]
[EventRounds "11"]
[EventCountry "AUT"]
[WhiteTeam "Holz Dohr - Semriach"]
[BlackTeam "Wulkaprodersdorf"]
[WhiteTeamCountry "AUT"]
[BlackTeamCountry "AUT"]

1. d4 d5 2. c4 e6 3. Nf3 dxc4 4. e3 b5 5. a4 c6 6. axb5 cxb5 7. b3 Bb4+ 8. Bd2
Bxd2+ 9. Nbxd2 a5 10. bxc4 b4 11. Bd3 Nf6 12. O-O O-O 13. Qc2 Nbd7 14. c5 Ba6
15. Bxa6 Rxa6 16. Qc4 Qa8 1/2-1/2

[Event "AUT_chT"]
[Site "2005/2006"]
[Date "2006.01.13"]
[Round "5"]
[White "Schweda, Roland"]
[Black "Wegerer, Fred"]
[Result "1-0"]
[WhiteElo "2416"]
[BlackElo "2271"]
[PlyCount "63"]
[EventDate "2005.10.??"]
[EventType "team"]
[EventRounds "11"]
[EventCountry "AUT"]
[WhiteTeam "Wulkaprodersdorf"]
[BlackTeam "Holz Dohr - Semriach"]
[WhiteTeamCountry "AUT"]
[BlackTeamCountry "AUT"]

1. d4 d6 2. c4 Nf6 3. Nc3 Nbd7 4. e4 e5 5. Nf3 Be7 6. g3 c6 7. Bg2 Qa5 8. O-O
O-O 9. Rb1 Qa6 10. b3 b5 11. c5 b4 12. cxd6 Bxd6 13. Na4 exd4 14. Nxd4 Re8 15.
Re1 Bb7 16. Nf5 Bf8 17. Bb2 Rad8 18. Qc1 Ne5 19. Qg5 Kh8 20. Nxg7 Bxg7 21. Bxe5
h6 22. Qf4 Re6 23. Nc5 Rxe5 24. Nxa6 Nh5 25. Qxf7 Bxa6 26. f4 Ra5 27. e5 Bd3
28. Qc7 Rad5 29. Bxd5 Rxd5 30. Rbd1 Bf8 31. Qxc6 Bc5+ 32. Kg2 1-0

[Event "AUT_chT"]
[Site "2005/2006"]
[Date "2006.01.13"]
[Round "5"]
[White "Boensch, Uwe"]
[Black "Gustafsson, Jan"]
[Result "1/2-1/2"]
[WhiteElo "2538"]
[BlackElo "2614"]
[PlyCount "28"]
[EventDate "2005.10.??"]
[EventType "team"]
[EventRounds "11"]
[EventCountry "AUT"]
[WhiteTeam "Sparkasse Jenbach"]
[BlackTeam "Hohenems"]
[WhiteTeamCountry "AUT"]
[BlackTeamCountry "AUT"]

1. d4 Nf6 2. c4 e6 3. Nc3 Bb4 4. Qc2 c5 5. dxc5 O-O 6. Nf3 Na6 7. Bd2 Nxc5 8.
a3 Bxc3 9. Bxc3 Nce4 10. Bxf6 Nxf6 11. e4 d6 12. Bd3 b6 13. e5 dxe5 14. Nxe5
Qd4 1/2-1/2

[Event "AUT_chT"]
[Site "2005/2006"]
[Date "2006.01.13"]
[Round "5"]
[White "Baramidze, David"]
[Black "Schlosser, Philipp"]
[Result "1/2-1/2"]
[WhiteElo "2554"]
[BlackElo "2560"]
[PlyCount "34"]
[EventDate "2005.10.??"]
[EventType "team"]
[EventRounds "11"]
[EventCountry "AUT"]
[WhiteTeam "Hohenems"]
[BlackTeam "Sparkasse Jenbach"]
[WhiteTeamCountry "AUT"]
[BlackTeamCountry "AUT"]

1. e4 e6 2. d4 d5 3. Nc3 dxe4 4. Nxe4 Nd7 5. Bd3 Ngf6 6. Qe2 c5 7. Nxf6+ Nxf6
8. dxc5 Bxc5 9. Bd2 O-O 10. O-O-O e5 11. Nf3 e4 12. Bxe4 Qe7 13. Rhe1 Qe6 14.
Kb1 Nxe4 15. Qxe4 Bxf2 16. Re2 Qxe4 17. Rxe4 Rd8 1/2-1/2

[Event "AUT_chT"]
[Site "2005/2006"]
[Date "2006.01.13"]
[Round "5"]
[White "Kritz, Leonid"]
[Black "Atlas, Valeri"]
[Result "1/2-1/2"]
[WhiteElo "2561"]
[BlackElo "2480"]
[PlyCount "86"]
[EventDate "2005.10.??"]
[EventType "team"]
[EventRounds "11"]
[EventCountry "AUT"]
[WhiteTeam "Sparkasse Jenbach"]
[BlackTeam "Hohenems"]
[WhiteTeamCountry "AUT"]
[BlackTeamCountry "AUT"]

1. e4 c5 2. Nf3 e6 3. Nc3 d6 4. d4 cxd4 5. Nxd4 Nf6 6. g4 h6 7. Be3 Be7 8. Bg2
Nc6 9. h3 Ne5 10. Qe2 g5 11. O-O-O a6 12. f4 gxf4 13. Bxf4 Qc7 14. Rhf1 b5 15.
g5 hxg5 16. Bxg5 Nh5 17. Bxe7 Qxe7 18. Qd2 Bb7 19. Ndxb5 axb5 20. Nxb5 Rxa2 21.
Nxd6+ Qxd6 22. Qxd6 Ra1+ 23. Kd2 Nc4+ 24. Ke1 Nxd6 25. Rxa1 e5 26. Kf2 Nf4 27.
Rfd1 Nxe4+ 28. Bxe4 Bxe4 29. Ra5 f6 30. Re1 Nxh3+ 31. Kf1 Rh4 32. Rc5 Rg4 33.
Re3 Bg2+ 34. Ke1 Kf7 35. c4 Nf4 36. b4 Ne6 37. Rc8 Nd4 38. Kf2 Be4 39. b5 Rf4+
40. Kg1 Nf3+ 41. Kf2 Nd4+ 42. Kg1 Rg4+ 43. Kf1 Rf4+ 1/2-1/2

[Event "AUT_chT"]
[Site "2005/2006"]
[Date "2006.01.13"]
[Round "5"]
[White "Naumann, Alexander"]
[Black "Lehner, Oliver"]
[Result "1-0"]
[WhiteElo "2532"]
[BlackElo "2408"]
[PlyCount "51"]
[EventDate "2005.10.??"]
[EventType "team"]
[EventRounds "11"]
[EventCountry "AUT"]
[WhiteTeam "Hohenems"]
[BlackTeam "Sparkasse Jenbach"]
[WhiteTeamCountry "AUT"]
[BlackTeamCountry "AUT"]

1. e4 e5 2. Nf3 Nc6 3. d4 exd4 4. Nxd4 Nf6 5. Nxc6 bxc6 6. e5 Qe7 7. Qe2 Nd5 8.
c4 Nb6 9. Nc3 Qe6 10. Qe4 Bb4 11. Bd2 Bxc3 12. Bxc3 d5 13. cxd5 cxd5 14. Qb4
Bb7 15. Bb5+ Bc6 16. Be2 a5 17. Qa3 a4 18. O-O O-O-O 19. Bd4 Kb7 20. Rac1 Ra8
21. Qc5 Rhc8 22. Rc2 Bd7 23. Rfc1 Qg6 24. Bf3 Qe6 25. Qb4 c5 26. Bxc5 1-0

[Event "AUT_chT"]
[Site "2005/2006"]
[Date "2006.01.13"]
[Round "5"]
[White "Kleissl, Helmut"]
[Black "Novkovic, Milan"]
[Result "1-0"]
[WhiteElo "2299"]
[BlackElo "2402"]
[PlyCount "61"]
[EventDate "2005.10.??"]
[EventType "team"]
[EventRounds "11"]
[EventCountry "AUT"]
[WhiteTeam "Sparkasse Jenbach"]
[BlackTeam "Hohenems"]
[WhiteTeamCountry "AUT"]
[BlackTeamCountry "AUT"]

1. Nf3 d5 2. d4 c6 3. c4 e6 4. Nc3 Nf6 5. Bg5 h6 6. Bh4 dxc4 7. e4 g5 8. Bg3 b5
9. h4 g4 10. e5 Nd5 11. Nd2 h5 12. Nde4 Nd7 13. Be2 Bb7 14. O-O Qb6 15. a4 a6
16. Nxd5 cxd5 17. Ng5 Be7 18. axb5 axb5 19. Rxa8+ Bxa8 20. Qd2 Nf8 21. f3 f6
22. exf6 Bxf6 23. Kh1 Bxd4 24. Qf4 Kd7 25. Qf7+ Kd8 26. fxg4 hxg4 27. Bxg4 Bb7
28. Bxe6 Bxb2 29. Bh3 b4 30. Re1 Bc6 31. Qe7# 1-0

[Event "AUT_chT"]
[Site "2005/2006"]
[Date "2006.01.13"]
[Round "5"]
[White "Gaertner, Guntram"]
[Black "Hoellrigl, Wilfried"]
[Result "1/2-1/2"]
[WhiteElo "2352"]
[BlackElo "2269"]
[PlyCount "162"]
[EventDate "2005.10.??"]
[EventType "team"]
[EventRounds "11"]
[EventCountry "AUT"]
[WhiteTeam "Hohenems"]
[BlackTeam "Sparkasse Jenbach"]
[WhiteTeamCountry "AUT"]
[BlackTeamCountry "AUT"]

1. d4 Nf6 2. c4 g6 3. Nc3 Bg7 4. e4 d6 5. h3 O-O 6. Bg5 Na6 7. Bd3 e5 8. d5 c6
9. Nge2 Nc5 10. Bc2 a5 11. a3 cxd5 12. cxd5 Bd7 13. O-O a4 14. g4 Qe7 15. Ng3
Rfc8 16. Rc1 b5 17. Na2 Be8 18. Nb4 Qb7 19. Qf3 Nfd7 20. Nc6 Kh8 21. Qe2 Nb8
22. Nb4 Nba6 23. Bd2 Nxb4 24. Bxb4 Bh6 25. Bd2 Bf4 26. Qe1 Qe7 27. Ne2 Bxd2 28.
Qxd2 g5 29. Nc3 Bd7 30. f3 Qf6 31. Kg2 Rab8 32. Na2 Rb7 33. Qe3 Kg7 34. Nb4 Qf4
35. Qxf4 exf4 36. Bd3 Rbc7 37. Rc3 Nb3 38. Rxc7 Rxc7 39. h4 f6 40. Rh1 h6 41.
h5 Kf7 42. Rd1 Ke7 43. Kf2 Kd8 44. Bc2 Na5 45. Bd3 Nb3 46. Bc2 Nc5 47. Ke2 Kc8
48. Bb1 Kb7 49. Rc1 Kb6 50. Rc3 Nb7 51. Rxc7 Kxc7 52. Bd3 Kb6 53. Kd2 Nd8 54.
Be2 Nf7 55. Nd3 Bc8 56. Kc3 Ba6 57. Kb4 Bc8 58. Ne1 Bd7 59. Nc2 Ne5 60. Nd4 Bc8
61. Bxb5 Nxf3 62. Nxf3 Bxg4 63. Nh2 Bxh5 64. Bd7 Bg6 65. Ng4 f3 66. Nxh6 Bxe4
67. Ng4 f5 68. Nf2 Bc2 69. Kc3 g4 70. Nxg4 fxg4 71. Bxg4 f2 72. Bh3 Be4 73. Kd4
Bf3 74. Bf1 Bh1 75. Ke3 Bxd5 76. Kxf2 Kc5 77. Ke3 Bc4 78. Bh3 d5 79. Kd2 d4 80.
Bd7 Bb5 81. Bf5 Bc4 1/2-1/2

[Event "AUT_chT"]
[Site "2005/2006"]
[Date "2006.01.13"]
[Round "5"]
[White "Horvath, Csaba"]
[Black "Balogh, Csaba"]
[Result "1/2-1/2"]
[WhiteElo "2545"]
[BlackElo "2561"]
[PlyCount "41"]
[EventDate "2005.10.??"]
[EventType "team"]
[EventRounds "11"]
[EventCountry "AUT"]
[WhiteTeam "Die Klagenfurter"]
[BlackTeam "Admiral Fuerstenfeld"]
[WhiteTeamCountry "AUT"]
[BlackTeamCountry "AUT"]

1. d4 Nf6 2. c4 e6 3. Nf3 b6 4. g3 Ba6 5. Qa4 Bb7 6. Bg2 c5 7. dxc5 bxc5 8. O-O
Be7 9. Nc3 O-O 10. Bf4 d6 11. Rad1 Qb6 12. Rd2 h6 13. Qb3 Rd8 14. Rfd1 Ne8 15.
Qxb6 axb6 16. e4 g5 17. Be3 Nc6 18. b3 Nc7 19. Na4 Ra6 20. h3 f6 21. Nc3
1/2-1/2